| 000 | 00000nam##2200000za#4500 |
| 001 | 9.681113 |
| 003 | CaOODSP |
| 005 | 20200330065856 |
| 007 | ta |
| 008 | 150407|2000||||xxc||||| f|0| 0 fre|d |
| 020 | |a0-662-84687-7 |
| 040 | |aCaOODSP|bfre |
| 043 | |an-cn--- |
| 086 | 1 |aEn40-492/2000F |
| 110 | 1 |aCanada.|bEnvironnement Canada. |bDirection de la protection de l'environnement. |
| 245 | 10|aLeaders environnementaux 3: mise à jour : |bARET: Action volontaire sur les substances toxiques |
| 260 | |aOttawa - Ontario : |bEnvironnement Canada. |c2000. |
| 300 | |a43p. : |bfigures, graphiques, tableaux ; |c28 cm. |
| 500 | |aDonnées de catalogage avant publication (Canada) imprimées dans cette publication. «ARET (Accélération de la réduction et de l'élimination des toxiques) est une initiative multilatérale de prévention et de réduction de la pollution à laquelle participent l'industrie, des organismes de santé et d'autres associations professionnelles ainsi que divers paliers de gouvernements de tout le Canada.»--Page 4. |
| 520 | 3 |aARET (Accélération de la réduction et de l'élimination des toxiques) est une initiative multilatérale de prévention et de réduction de la pollution à laquelle participent l'industrie, des organismes de santé et d'autres associations professionnelles ainsi que divers paliers de gouvernements de tout le Canada.--Page 4 |
| 563 | |aCouverture souple |
| 590 | |a00-32|b2000-08-11 |
| 691 | 07|aProduit toxique|2gcpds |
| 691 | 07|aLutte contre la pollution|2gcpds |
| 691 | 07|aIndustrie|2gcpds |
| 775 | 08|tEnvironmental Leaders 3: update : |w(CaOODSP)9.647728 |
| 776 | 0#|tLeaders environnementaux 3 mise à jour : |w(CaOODSP)9.640116 |